ბათუმის შოთა რუსთაველის სახელმწიფო უნივერსიტეტის ბიბლიოთეკა

Межотраслевая Экономика=INPUT-OUTPUT ERONOMICS (ბიბ.ჩანაწერი № 37018)

000 -LEADER
fixed length control field 00704nam a2200229Ia 4500
001 - CONTROL NUMBER
control field 2971
003 - CONTROL NUMBER IDENTIFIER
control field GE_BSU
008 - FIXED-LENGTH DATA ELEMENTS--GENERAL INFORMATION
fixed length control field 181216s||||||||xx |||||||||||||| ||und||
020 ## - INTERNATIONAL STANDARD BOOK NUMBER
International Standard Book Number 5282008327
040 ## - CATALOGING SOURCE
Transcribing agency GE_BSU
100 ## - MAIN ENTRY--PERSONAL NAME
Personal name Леонтьев, Всилий
245 ## - TITLE STATEMENT
Title Межотраслевая Экономика=INPUT-OUTPUT ERONOMICS
245 ## - TITLE STATEMENT
Remainder of title Экономистеы - лауриаеты Нобелевской премии
245 ## - TITLE STATEMENT
Statement of responsibility, etc. Науч. ред. А.Г. Гранберг
260 ## - PUBLICATION, DISTRIBUTION, ETC.
Place of publication, distribution, etc. Ьосква
260 ## - PUBLICATION, DISTRIBUTION, ETC.
Name of publisher, distributor, etc. ,,Экономика
260 ## - PUBLICATION, DISTRIBUTION, ETC.
Date of publication, distribution, etc. 1997
300 ## - PHYSICAL DESCRIPTION
Extent 479 ст.
653 ## - INDEX TERM--UNCONTROLLED
Uncontrolled term Межотраслевая Экономик
942 ## - ADDED ENTRY ELEMENTS (KOHA)
Koha item type წიგნი
ეგზემპლარები
Withdrawn status Lost status Damaged status Not for loan Date acquired Barcode Date last seen Price effective from Koha item type Public note
        2018-12-17 7893 2018-12-17 2018-12-17 წიგნი დარბაზი
        2018-12-17 7894 2018-12-17 2018-12-17 წიგნი დარბაზი
        2018-12-17 8122 2018-12-17 2018-12-17 წიგნი დარბაზი